Essentials of chemistry (Record no. 1214350)

MARC details
000 -LEADER
fixed length control field 01072nam a2200301Ia 4500
003 - CONTROL NUMBER IDENTIFIER
control field OSt
005 - DATE AND TIME OF LATEST TRANSACTION
control field 20221007124914.0
008 - FIXED-LENGTH DATA ELEMENTS--GENERAL INFORMATION
fixed length control field 221006b |||||||| |||| 00| 0 eng d
020 ## - INTERNATIONAL STANDARD BOOK NUMBER
International Standard Book Number 9781632384867 (hbk)
037 ## - SOURCE OF ACQUISITION
Terms of availability Textual
040 ## - CATALOGING SOURCE
Original cataloging agency CDL
Transcribing agency CDL
Language of cataloging eng
041 ## - LANGUAGE CODE
Source of code eng
Language code of text/sound track or separate title eng
100 ## - MAIN ENTRY--PERSONAL NAME
Personal name Cole Gerald
9 (RLIN) 514028
245 #0 - TITLE STATEMENT
Title Essentials of chemistry
260 ## - PUBLICATION, DISTRIBUTION, ETC.
Place of publication, distribution, etc. New
Name of publisher, distributor, etc. York Ny Research
Date of publication, distribution, etc. 2016
300 ## - PHYSICAL DESCRIPTION
Extent vii,251p ill.
Dimensions cm.
500 ## - GENERAL NOTE
General note Permissions 249p.; List of contributors 250-251p.
650 ## - SUBJECT ADDED ENTRY--TOPICAL TERM
Topical term or geographic name entry element Adsorption studies of lead by enteromorpha
9 (RLIN) 720918
650 ## - SUBJECT ADDED ENTRY--TOPICAL TERM
Topical term or geographic name entry element Increasing the stability of metal-organic frameworks
9 (RLIN) 720919
650 ## - SUBJECT ADDED ENTRY--TOPICAL TERM
Topical term or geographic name entry element Study of swelling properties and thermal behavior of poly
9 (RLIN) 720920
650 ## - SUBJECT ADDED ENTRY--TOPICAL TERM
Topical term or geographic name entry element Chemistry
942 ## - ADDED ENTRY ELEMENTS (KOHA)
Classification part E, Q6 Carc
Koha item type Textual
Source of classification or shelving scheme Colon Classification (CC)
Holdings
Withdrawn status Lost status Source of classification or shelving scheme Damaged status Not for loan Home library Current library Date acquired Source of acquisition Total Checkouts Full call number Barcode Date last seen Price effective from Koha item type
    Colon Classification (CC)     Department of Chemistry Library Department of Chemistry Library 2022-10-07 1775, 12/03/2018, Indica Publishers & Distributors Pvt. Ltd.   E Q6 Carc CD0009309 2022-10-07 2022-10-07 Textual
Copyright @ Delhi University Library System